Các mỏ khoáng

Guardat en:
Dades bibliogràfiques
Autor principal: Nguyễn Văn Nhân
Format: Llibre
Idioma:Vietnamese
Publicat: Đại học quốc gia Hà Nội 2004
Etiquetes: Afegir etiqueta
Sense etiquetes, Sigues el primer a etiquetar aquest registre!
Thư viện lưu trữ: Mạng thư viện Đại học Đà Nẵng
LEADER 00628nam a2200253 4500
001 000021910
003 18358
005 20150424070444.0
008 150424s2004 viesd
020 |c 24000 
041 0 |a vie 
082 1 4 |a 553  |b NG-N 
100 1 |a Nguyễn Văn Nhân 
245 1 0 |a Các mỏ khoáng  |c Nguyễn Văn Nhân 
260 |b Đại học quốc gia Hà Nội  |c 2004 
300 |a tr.  |c cm. 
OWN |a LSP 
999 |a From the UDN01 
TYP |a Monograph 
TYP |a Printed language 
980 |a Mạng thư viện Đại học Đà Nẵng